000 00458nam a22001693a 4500
003 OSt
005 20250401101752.0
008 240725s2021 ag ||||| |||| 00| 0 spa d
020 _a9789876024389
040 _cbesoc
100 1 _aSukaczer, VerĂ³nica
_eautor
245 1 0 _aNunca salgas desconectado /
_cVerĂ³nica Sukaczer
260 _aBuenos Aires :
_bComunicarte,
_c2021
300 _a118 p.
650 4 _aLiteratura
_vCuentos
_ySiglo XXI
942 _2udc
_cOG
_n0
999 _c271
_d271